005150000a2200145000450024501280000065100370012865300290016504100140019404100130020804400130022170000360023470000300027010000270030077300420032710aTrichomycterus venulosus (Steindachner, 1915)sposible extint species from the Páramo Cruz Verde (Cundinamarca, Colombia) 4pColombialPáramo de Cruz Verde eTrichomycterus venulosus0 aEspañol0 aInglés aColombia1 aRivera Rondón, Carlos Alberto1 aGuerrero Kommritz, Jurgen1 aPrada Pedreros, Saúl1 tBiota Colombianah1q163-166d2006g7